|
|
แสดงรายละเอียดบรรณานุกรม |
|
|
Brief Record
: Get Marc (ISO 2709)
: E-mail record
: |
| LEADER 00000nama 2200000uu 4500 | |||
| 001 189088 | |||
| 003 ULIBM | |||
| 008 040531s|||| th m m a000 0 tha d | |||
| 020 974-291-796-5 | |||
| 041 tha | |||
| 050 อ WB50 พ887ส | |||
| 100 เพ็ญนภา ทรัพย์เจริญ กัญจนา ดีวิเศษภัทราพร ตั้งสุขฤทัย | |||
| 245 สรุปการจัดงานชุมนุมแพทย์แผนไทยและสมุนไพรแห่งชาติ ครั้งที่ 1และ 2 | |||
| 246 สมุนไพร - การจัดงาน | |||
| 260 2541 นนทบุรี สถาบันการแพทย์แผนไทย | |||
| 300 386 หน้า | |||
| 650 แพทย์แผนไทย - การจัดงาน | |||
| คุณยังไม่ได้ล็อกอิน คุณสามารถมีกิจกรรมร่วมกับเว็บไซต์ได้ แต่ต้องล็อกอินก่อน :: |
|
| สถานะ | |||||||||
| 1. | หนังสือทั่วไป | อ WB50 พ887ส | On Shelf ขอยืม | ||||||
| [แสดง 1/1 รายการ] | |||||||||
BibComment |
| คอมเมนท์ทรัพยากรรายการนี้ |
|
|